[Event "FRA-chT1B 0607"]
[Site "France"]
[Date "2006.12.06"]
[Round "4.4"]
[White "Leski, Marc"]
[Black "Boudre, Jean Pierre"]
[Result "1/2-1/2"]
[WhiteElo "2389"]
[BlackElo "2324"]
[PlyCount "83"]
[EventDate "2006.10.15"]
[EventType "team"]
[EventRounds "11"]
[EventCountry "FRA"]
[SourceTitle "EXT 2008"]
[Source "ChessBase"]
[SourceDate "2007.11.25"]
[SourceVersion "1"]
[SourceVersionDate "2007.11.25"]
[SourceQuality "1"]
[WhiteTeam "Hyeres"]
[BlackTeam "Marseille Duchamps"]
[WhiteTeamCountry "FRA"]
[BlackTeamCountry "FRA"]

1. Nf3 d5 2. g3 Bg4 3. Bg2 Nd7 4. c4 e6 5. cxd5 exd5 6. Nc3 c6 7. 0-0 Bc5 8. d4 Be7 9. e4 dxe4 10. Nxe4 Ngf6 11. Nxf6+ Nxf6 12. Qb3 Bxf3 13. Bxf3 Qd7 14. Bg5 0-0 15. Bxf6 Bxf6 16. d5 c5 17. Rab1 b5 18. Rfe1 Rab8 19. Kg2 g6 20. h4 h5 21. Re3 Kg7 22. Rbe1 Rfd8 23. Be4 Re8 24. Qc2 Qd6 25. b3 Rbc8 26. Qd1 c4 27. g4 hxg4 28. Qxg4 Rh8 29. h5 Rcg8 30. hxg6 Rh6 31. Rg3 fxg6 32. Rh1 Rgh8 33. Qxg6+ Rxg6 34. Rxg6+ Kf7 35. Rxh8 Qf4 36. Rh7+ Kf8 37. Bf3 Qf5 38. Rgh6 Bg7 39. Rh4 Qg6+ 40. Kf1 Qd3+ 41. Kg2 Qg6+ 42. Kf1 1/2-1/2

[Event "Cannes op"]
[Site "Cannes"]
[Date "2006.02.14"]
[Round "4"]
[White "Leski, Marc"]
[Black "Gretarsson, Helgi Ass"]
[Result "1/2-1/2"]
[WhiteElo "2413"]
[BlackElo "2480"]
[PlyCount "74"]
[EventDate "2006.02.12"]
[EventType "swiss"]
[EventRounds "7"]
[EventCountry "FRA"]
[SourceTitle "CBM 110 Extra"]
[Source "ChessBase"]
[SourceDate "2006.03.10"]
[SourceVersion "2"]
[SourceVersionDate "2006.03.10"]
[SourceQuality "1"]

1. Nf3 d5 2. g3 Nc6 3. d4 Bf5 4. c3 Qd7 5. b4 f6 6. Nbd2 a6 7. e3 e5 8. b5 axb5 9. Bxb5 e4 10. Ng1 Nge7 11. Qb3 Nc8 12. Ne2 Nd6 13. Nf4 Nxb5 14. Qxb5 Ra5 15. Qxb7 g5 16. Ne2 Be7 17. Qb3 0-0 18. h4 Rfa8 19. a3 Ra4 20. Bb2 Na5 21. Qc2 Nc4 22. Nxc4 Rxc4 23. Nc1 Rca4 24. Nb3 Qb5 25. Nd2 Bxa3 26. Bxa3 Rxa3 27. Rxa3 Rxa3 28. c4 Qa5 29. 0-0 Ra2 30. Nb3 Rxc2 31. Nxa5 dxc4 32. Nc6 Kg7 33. d5 Bh3 34. Ra1 Rd2 35. Nd4 Kg6 36. hxg5 Kxg5 37. Rc1 Bg4 1/2-1/2

[Event "FRA Cup"]
[Site "Clichy"]
[Date "2004.??.??"]
[Round "5.4"]
[White "Leski, Marc"]
[Black "Degraeve, Jean Marc"]
[Result "1-0"]
[WhiteElo "2417"]
[BlackElo "2556"]
[PlyCount "83"]
[EventDate "2004.05.23"]
[EventType "team"]
[EventRounds "5"]
[EventCountry "FRA"]
[SourceTitle "CBM 100 Extra"]
[Source "ChessBase"]
[SourceDate "2004.07.06"]
[SourceVersion "2"]
[SourceVersionDate "2004.07.06"]
[SourceQuality "1"]

1. Nf3 b6 2. g3 Bb7 3. Bg2 f5 4. 0-0 Nf6 5. c4 g6 6. Nc3 Bg7 7. d4 0-0 8. b3 Na6 9. Bb2 e6 10. Rc1 c5 11. e3 Qe7 12. Qe2 Nc7 13. Rfd1 d6 14. dxc5 bxc5 15. Ne1 Bxg2 16. Nxg2 e5 17. Rc2 Rab8 18. Rcd2 Rb6 19. e4 Bh6 20. Rd3 fxe4 21. Nxe4 Nxe4 22. Qxe4 Ne8 23. Bc3 Qf7 24. f3 Ra6 25. Qe2 Rb6 26. Qe4 Ra6 27. Qe2 Rb6 28. Rf1 Rb7 29. Ne3 Bxe3+ 30. Rxe3 Qf5 31. f4 Rbf7 32. Re1 Qh3 33. Qg2 Qh6 34. R3e2 Ng7 35. fxe5 Ne6 36. exd6 Ng5 37. Bd2 Nh3+ 38. Kh1 Qh5 39. Qd5 Nf2+ 40. Kg1 Nh3+ 41. Kg2 g5 42. d7 1-0

[Event "Nice Summer op 10th"]
[Site "Nice"]
[Date "2003.08.05"]
[Round "2"]
[White "Gachet, Sebastien"]
[Black "Leski, Marc"]
[Result "1/2-1/2"]
[WhiteElo "2259"]
[BlackElo "2414"]
[PlyCount "46"]
[EventDate "2003.08.04"]
[EventType "swiss"]
[EventRounds "9"]
[EventCountry "FRA"]
[SourceTitle "CBM 095 Extra"]
[Source "ChessBase"]
[SourceDate "2003.09.04"]
[SourceVersion "1"]
[SourceVersionDate "2003.09.04"]
[SourceQuality "1"]

1. e4 d6 2. d4 Nf6 3. Nc3 g6 4. h3 Bg7 5. Nf3 0-0 6. Be3 c6 7. a4 d5 8. e5 Ne4 9. Nxe4 dxe4 10. Ng5 c5 11. dxc5 Qc7 12. Bc4 Nc6 13. Nxe4 Qxe5 14. Nc3 Bh6 15. Qe2 Nd4 16. Bxd4 Qxd4 17. 0-0 Qxc5 18. Rad1 Bg7 19. b4 Qe5 20. Nd5 e6 21. Ne7+ Kh8 22. Qxe5 Bxe5 23. Bb3 Re8 1/2-1/2

[Event "FRA-chT Poule Haute"]
[Site "France"]
[Date "2003.05.09"]
[Round "10.6"]
[White "Fressinet, Laurent"]
[Black "Leski, Marc"]
[Result "1-0"]
[WhiteElo "2593"]
[BlackElo "2421"]
[PlyCount "117"]
[EventDate "2003.05.07"]
[EventType "team-tourn"]
[EventRounds "4"]
[EventCountry "FRA"]
[SourceTitle "CBM 095"]
[Source "ChessBase"]
[SourceDate "2003.07.25"]
[SourceVersion "1"]
[SourceVersionDate "2003.07.25"]
[SourceQuality "1"]
[WhiteTeam "Paris NAO"]
[BlackTeam "Nice"]
[WhiteTeamCountry "FRA"]
[BlackTeamCountry "FRA"]

1. e4 d6 2. d4 Nf6 3. Nc3 g6 4. Be3 c6 5. Qd2 b5 6. Bd3 Nbd7 7. Nf3 Qc7 8. h3 Bg7 9. Ne2 Bb7 10. Ng3 a6 11. Bh6 Bxh6 12. Qxh6 e5 13. c3 Qd8 14. Qg7 Ke7 15. Qh6 Qf8 16. Qd2 h5 17. dxe5 dxe5 18. c4 h4 19. Ne2 Qb8 20. 0-0 Qd6 21. Qe3 Qc5 22. Qxc5+ Nxc5 23. Nxe5 Rh5 24. f4 Nxd3 25. Nxd3 Nxe4 26. Rfe1 Kf8 27. Rad1 Re8 28. Ne5 Re7 29. Nd4 c5 30. Nb3 Rf5 31. Na5 Nf6 32. cxb5 axb5 33. Nxg6+ fxg6 34. Rxe7 Kxe7 35. Nxb7 c4 36. Nd6 Rc5 37. a3 Ke6 38. Kf2 g5 39. fxg5 Rxg5 40. Rd4 Rc5 41. Nb7 Rf5+ 42. Kg1 Rd5 43. Rxd5 Kxd5 44. Kf2 Ke5 45. Na5 Kd4 46. Ke2 Nd5 47. Kf3 Kd3 48. Nc6 Kc2 49. Nd4+ Kxb2 50. Nxb5 c3 51. Nxc3 Kxc3 52. a4 Kd4 53. a5 Ke5 54. Kg4 Ne3+ 55. Kxh4 Nxg2+ 56. Kg3 Nf4 57. a6 Ne6 58. a7 Nc7 59. Kg4 1-0

[Event "FRA-chT Poule Haute"]
[Site "France"]
[Date "2003.05.08"]
[Round "9.7"]
[White "Vaugeois, Cyrille"]
[Black "Leski, Marc"]
[Result "1/2-1/2"]
[WhiteElo "2127"]
[BlackElo "2421"]
[PlyCount "51"]
[EventDate "2003.05.07"]
[EventType "team-tourn"]
[EventRounds "4"]
[EventCountry "FRA"]
[SourceTitle "CBM 095"]
[Source "ChessBase"]
[SourceDate "2003.07.25"]
[SourceVersion "1"]
[SourceVersionDate "2003.07.25"]
[SourceQuality "1"]
[WhiteTeam "Gonfreville"]
[BlackTeam "Nice"]
[WhiteTeamCountry "FRA"]
[BlackTeamCountry "FRA"]

1. e4 d6 2. d4 Nf6 3. Nc3 g6 4. Be3 c6 5. Qd2 b5 6. f3 Nbd7 7. a4 b4 8. Nd1 a5 9. c4 bxc3 10. bxc3 Bg7 11. Bd3 e5 12. Ne2 0-0 13. 0-0 d5 14. Nf2 Re8 15. Rad1 Qc7 16. Rfe1 Bb7 17. Ng3 c5 18. dxe5 Nxe5 19. Bb5 Red8 20. Bf4 dxe4 21. Bxe5 Qxe5 22. Qxd8+ Rxd8 23. Rxd8+ Bf8 24. Ngxe4 Kg7 25. c4 Nxe4 26. Nxe4 1/2-1/2

[Event "FRA-chT2S"]
[Site "France"]
[Date "2002.10.13"]
[Round "1"]
[White "Lamorelle, Yves"]
[Black "Leski, Marc"]
[Result "0-1"]
[WhiteElo "2199"]
[BlackElo "2421"]
[PlyCount "52"]
[EventDate "2002.10.??"]
[EventType "team"]
[EventRounds "11"]
[EventCountry "FRA"]
[SourceTitle "EXT 2004"]
[Source "ChessBase"]
[SourceDate "2003.11.25"]
[SourceVersion "1"]
[SourceVersionDate "2003.11.25"]
[SourceQuality "1"]

1. e4 d6 2. d4 Nf6 3. Nc3 g6 4. Nf3 Bg7 5. Be2 0-0 6. h3 c5 7. dxc5 Qa5 8. 0-0 Qxc5 9. Be3 Qa5 10. Qd2 Nc6 11. Bh6 Be6 12. Rad1 Rfc8 13. Bxg7 Kxg7 14. Ng5 Bd7 15. f4 Qb6+ 16. Kh1 Qxb2 17. Rb1 Qa3 18. Rb3 Qc5 19. e5 dxe5 20. Nce4 Nxe4 21. Nxe4 Qd4 22. Bd3 Bf5 23. fxe5 Bxe4 24. Rf4 Qa1+ 25. Rf1 Qxe5 26. Rb5 Qd6 0-1

[Event "FRA-chT1"]
[Site "France"]
[Date "2002.03.30"]
[Round "5.8"]
[White "Guillet, Richard"]
[Black "Leski, Marc"]
[Result "0-1"]
[WhiteElo "2142"]
[BlackElo "2421"]
[PlyCount "76"]
[EventDate "2002.02.??"]
[EventType "team"]
[EventRounds "11"]
[EventCountry "FRA"]
[SourceTitle "EXT 2003"]
[Source "ChessBase"]
[SourceDate "2002.11.25"]
[SourceVersion "1"]
[SourceVersionDate "2002.11.25"]
[SourceQuality "1"]
[WhiteTeam "Sautron"]
[BlackTeam "Nice"]
[WhiteTeamCountry "FRA"]
[BlackTeamCountry "FRA"]

1. e4 d6 2. d4 Nf6 3. Nc3 g6 4. Bf4 c6 5. Nf3 Qb6 6. Qd2 Qxb2 7. Rb1 Qa3 8. e5 Nh5 9. Rb3 Qa5 10. exd6 Nxf4 11. Qxf4 Be6 12. d5 Bxd5 13. Qd4 Bxb3 14. Qxh8 Nd7 15. dxe7 Kxe7 16. Qd4 Bd5 17. Be2 Bxf3 18. Bxf3 Qe5+ 19. Qxe5+ Nxe5 20. Ke2 Bg7 21. Ne4 Rd8 22. Nc5 b6 23. Nd3 Nxf3 24. Kxf3 Bc3 25. Rb1 Rd4 26. Rb3 Rc4 27. Ke3 b5 28. f3 h5 29. h3 a5 30. Nf4 Bf6 31. Ne2 a4 32. Rd3 Rxc2 33. Rd2 Rc4 34. Kd3 Be5 35. Rc2 Rxc2 36. Kxc2 Ke6 37. Kd3 c5 38. f4 Bf6 0-1

[Event "FRA-chT1"]
[Site "France"]
[Date "2002.02.02"]
[Round "2.4"]
[White "Leski, Marc"]
[Black "Lepelletier, Benoit"]
[Result "1/2-1/2"]
[WhiteElo "2421"]
[BlackElo "2444"]
[PlyCount "25"]
[EventDate "2002.02.??"]
[EventType "team"]
[EventRounds "11"]
[EventCountry "FRA"]
[SourceTitle "EXT 2003"]
[Source "ChessBase"]
[SourceDate "2002.11.25"]
[SourceVersion "1"]
[SourceVersionDate "2002.11.25"]
[SourceQuality "1"]
[WhiteTeam "Nice"]
[BlackTeam "Orange"]
[WhiteTeamCountry "FRA"]
[BlackTeamCountry "FRA"]

1. Nf3 Nf6 2. g3 d5 3. Bg2 c6 4. 0-0 Bg4 5. d4 Nbd7 6. Nbd2 e6 7. Re1 Be7 8. e4 0-0 9. c3 b5 10. a4 Nb6 11. axb5 cxb5 12. exd5 Nbxd5 13. Qb3 1/2-1/2

[Event "FRA-chT"]
[Site "France"]
[Date "2001.04.29"]
[Round "9.6"]
[White "Leski, Marc"]
[Black "Philippe, Christophe"]
[Result "1/2-1/2"]
[WhiteElo "2420"]
[BlackElo "2356"]
[PlyCount "80"]
[EventDate "2001.02.02"]
[EventType "team"]
[EventRounds "11"]
[EventCountry "FRA"]
[SourceTitle "EXT 2002"]
[Source "ChessBase"]
[SourceDate "2001.11.25"]
[SourceVersion "1"]
[SourceVersionDate "2001.11.25"]
[SourceQuality "1"]
[WhiteTeam "Echiquier Nicois"]
[BlackTeam "Nancy"]
[WhiteTeamCountry "FRA"]
[BlackTeamCountry "FRA"]

1. Nf3 f5 2. d4 Nf6 3. g3 g6 4. Bg2 Bg7 5. 0-0 0-0 6. c4 d6 7. Nc3 Qe8 8. b3 e5 9. dxe5 dxe5 10. e4 Nc6 11. Nd5 Qd7 12. Ba3 Rd8 13. Qc2 Nxe4 14. Rad1 Nd4 15. Nxd4 exd4 16. Bxe4 fxe4 17. Qxe4 c6 18. Ne7+ Kf7 19. Rfe1 Bf6 20. Rd3 Qg4 21. Rf3 Qxe4 22. Rxe4 Kg7 23. Nxc8 Raxc8 24. Be7 Bxe7 25. Rxe7+ Kg8 26. Kf1 b5 27. Ke2 bxc4 28. bxc4 Re8 29. Rff7 Rc7 30. Rg7+ Kf8 31. Rxe8+ Kxg7 32. c5 Rb7 33. Re6 Rb2+ 34. Kd3 Rxf2 35. Rxc6 Rxa2 36. Rc7+ Kf6 37. Kxd4 Rxh2 38. Rxa7 h5 39. Ra6+ Kf5 40. c6 Rd2+ 1/2-1/2

[Event "FRA-chT"]
[Site "France"]
[Date "2001.03.29"]
[Round "4.7"]
[White "Leski, Marc"]
[Black "Boudre, Jean Pierre"]
[Result "1-0"]
[WhiteElo "2420"]
[BlackElo "2355"]
[PlyCount "78"]
[EventDate "2001.02.02"]
[EventType "team"]
[EventRounds "11"]
[EventCountry "FRA"]
[SourceTitle "EXT 2002"]
[Source "ChessBase"]
[SourceDate "2001.11.25"]
[SourceVersion "1"]
[SourceVersionDate "2001.11.25"]
[SourceQuality "1"]
[WhiteTeam "Echiquier Nicois"]
[BlackTeam "Auxerre"]
[WhiteTeamCountry "FRA"]
[BlackTeamCountry "FRA"]

1. c4 c6 2. e4 d5 3. exd5 cxd5 4. d4 Nf6 5. Nc3 e6 6. Nf3 Bb4 7. cxd5 Nxd5 8. Bd2 Nc6 9. Bd3 Nf6 10. 0-0 0-0 11. a3 Be7 12. Be3 Bd7 13. Qe2 Rc8 14. Rad1 Qa5 15. Rfe1 Rfd8 16. Ne4 Be8 17. Nc5 Qc7 18. Rc1 Bxc5 19. dxc5 h6 20. b4 a6 21. Red1 Rd5 22. Bc4 Rxd1+ 23. Rxd1 Rd8 24. h3 Nd5 25. Rd3 Ne5 26. Nxe5 Qxe5 27. Rd4 Bc6 28. Qd3 Re8 29. Bd2 Qf6 30. Bc1 Nc7 31. Qd2 h5 32. Rd3 Bd5 33. Bb2 Qf5 34. Rg3 g6 35. Bd3 Be4 36. Rg5 Bxd3 37. Rxf5 Bxf5 38. g4 Bb1 39. Qe1 Nd5 1-0

[Event "FRA-chT"]
[Site "France"]
[Date "2001.02.03"]
[Round "2.6"]
[White "Guidarelli, Laurent"]
[Black "Leski, Marc"]
[Result "0-1"]
[WhiteElo "2297"]
[BlackElo "2420"]
[PlyCount "112"]
[EventDate "2001.02.02"]
[EventType "team"]
[EventRounds "11"]
[EventCountry "FRA"]
[SourceTitle "EXT 2002"]
[Source "ChessBase"]
[SourceDate "2001.11.25"]
[SourceVersion "1"]
[SourceVersionDate "2001.11.25"]
[SourceQuality "1"]
[WhiteTeam "Orange"]
[BlackTeam "Echiquier Nicois"]
[WhiteTeamCountry "FRA"]
[BlackTeamCountry "FRA"]

1. e4 d6 2. d4 Nf6 3. Nc3 g6 4. h3 Bg7 5. Nf3 0-0 6. Be3 a6 7. Bd3 b5 8. a4 b4 9. Ne2 Bb7 10. Ng3 Nbd7 11. Qd2 c5 12. c3 bxc3 13. bxc3 Qa5 14. 0-0 Rfc8 15. Qa2 e6 16. Rfc1 d5 17. e5 Ne4 18. Bxe4 dxe4 19. Ng5 cxd4 20. cxd4 Bd5 21. Qe2 f5 22. exf6 Nxf6 23. Bf4 Rxc1+ 24. Rxc1 Qxa4 25. Be5 Qb5 26. Qc2 Qb7 27. Qc7 Qxc7 28. Rxc7 Ne8 29. Rc3 Bf8 30. N5xe4 Bb4 31. Rc1 a5 32. Nc3 Rc8 33. Nge2 Bb3 34. f4 a4 35. Kf2 a3 36. Na2 Rxc1 37. Nexc1 Bxa2 38. Nxa2 Be7 39. Ke3 Kf7 40. Kd3 Nf6 41. Kc3 Nd5+ 42. Kb3 h5 43. g3 Ke8 44. Nc1 Kd7 45. Ne2 Kc6 46. g4 h4 47. Ng1 Ne3 48. Nf3 Kd5 49. Bg7 Ng2 50. Bh6 Bd6 51. Ne5 Bxe5 52. dxe5 Ke4 53. f5 gxf5 54. gxf5 Kxf5 55. Bg7 Kf4 56. Kxa3 Kg3 0-1

[Event "FRA-chT2S 9900"]
[Site "France"]
[Date "2000.01.16"]
[Round "6"]
[White "Leski, Marc"]
[Black "Olivier, Jean Christophe"]
[Result "1-0"]
[WhiteElo "2392"]
[BlackElo "2417"]
[PlyCount "120"]
[EventDate "1999.01.15"]
[EventType "team"]
[EventRounds "7"]
[EventCountry "FRA"]
[SourceTitle "EXT 2002"]
[Source "ChessBase"]
[SourceDate "2001.11.25"]
[SourceVersion "1"]
[SourceVersionDate "2001.11.25"]
[SourceQuality "1"]

1. Nf3 d5 2. g3 Nf6 3. Bg2 Bf5 4. 0-0 e6 5. d3 Be7 6. c4 Nbd7 7. cxd5 exd5 8. Nc3 c6 9. Be3 Bd6 10. Qb3 Qb8 11. Rfc1 0-0 12. a3 Re8 13. Qd1 Ne5 14. Nd4 Bd7 15. Bg5 Neg4 16. b4 h6 17. Bd2 Qd8 18. Na4 Qe7 19. Nc5 Bc8 20. Ncb3 h5 21. h3 Ne5 22. Bg5 Ng6 23. h4 Qe5 24. Ra2 Bg4 25. Nf3 Bxf3 26. exf3 Nf8 27. f4 Qf5 28. Nd4 Qg6 29. Bh3 Ng4 30. f5 Qh7 31. Bxg4 hxg4 32. Qxg4 Nd7 33. Kg2 Be5 34. Nf3 Nf6 35. Bxf6 Bxf6 36. b5 cxb5 37. Rc5 a6 38. Rxd5 Rad8 39. Rxd8 Rxd8 40. Qe4 Qh6 41. Rc2 Ba1 42. Qxb7 Qf6 43. Rc8 Kf8 44. Ng5 Ke8 45. Ne4 Qe7 46. Qxa6 Qd7 47. Rxd8+ Kxd8 48. Qd6 Bb2 49. g4 Ke8 50. Kf3 Qa7 51. Qc6+ Ke7 52. g5 Bxa3 53. Qxb5 Kf8 54. Qd5 Qb8 55. g6 fxg6 56. fxg6 Qe8 57. Qf5+ Kg8 58. Ng5 Qa8+ 59. Qe4 Qb8 60. Qd5+ Kh8 1-0

[Event "Cannes"]
[Site "Cannes"]
[Date "1999.??.??"]
[Round "3"]
[White "Drasko, Milan"]
[Black "Leski, Marc"]
[Result "1-0"]
[WhiteElo "2505"]
[BlackElo "2392"]
[PlyCount "71"]
[EventDate "1999.02.??"]
[EventType "k.o."]
[EventRounds "7"]
[EventCountry "FRA"]
[SourceTitle "EXT 2000"]
[Source "ChessBase"]
[SourceDate "1999.11.16"]
[SourceVersion "1"]
[SourceVersionDate "1999.11.16"]
[SourceQuality "1"]

1. d4 d5 2. c4 c6 3. Nf3 Nf6 4. Qc2 dxc4 5. Qxc4 Bf5 6. Nc3 e6 7. g3 Nbd7 8. Bg2 Be7 9. 0-0 0-0 10. e3 Ne4 11. Qe2 Nxc3 12. bxc3 Be4 13. c4 c5 14. Bb2 Nb6 15. Rac1 Na4 16. Ba1 Bf6 17. Rfd1 Qc7 18. Bf1 Rfd8 19. Nd2 Bc6 20. Nb3 b6 21. d5 Bxa1 22. dxc6 Bf6 23. Bg2 Nc3 24. Rxd8+ Rxd8 25. Qc2 Rd6 26. Re1 Rxc6 27. Bxc6 Qxc6 28. Nd2 h5 29. f3 Qa4 30. Qxa4 Nxa4 31. Ne4 Be7 32. Rd1 f5 33. Rd7 Kf8 34. Rxa7 Nb2 35. Nd2 Bf6 36. Ra6 1-0

[Event "Cannes"]
[Site "Cannes"]
[Date "1999.??.??"]
[Round "3"]
[White "Leski, Marc"]
[Black "Drasko, Milan"]
[Result "0-1"]
[WhiteElo "2392"]
[BlackElo "2505"]
[PlyCount "56"]
[EventDate "1999.02.??"]
[EventType "k.o."]
[EventRounds "7"]
[EventCountry "FRA"]
[SourceTitle "EXT 2000"]
[Source "ChessBase"]
[SourceDate "1999.11.16"]
[SourceVersion "1"]
[SourceVersionDate "1999.11.16"]
[SourceQuality "1"]

1. Nf3 d5 2. g3 c6 3. Bg2 Bg4 4. 0-0 Nd7 5. d4 e6 6. Nbd2 Ngf6 7. Re1 Be7 8. e4 0-0 9. c3 Rc8 10. Qb3 Qb6 11. exd5 cxd5 12. Qxb6 Nxb6 13. Ne5 Bf5 14. Nb3 Bd6 15. Na5 Rc7 16. Bf1 h6 17. a4 Bc2 18. Bd3 Bxa4 19. b3 Be8 20. c4 Bb4 21. Ba3 Bxa3 22. Rxa3 Nc8 23. b4 b6 24. Nb3 dxc4 25. Bxc4 Nd6 26. Nd2 Bb5 27. Bb3 Rfc8 28. Kg2 Nd5 0-1

[Event "FRA-chT2S 9899"]
[Site "France"]
[Date "1999.??.??"]
[Round "5"]
[White "Leski, Marc"]
[Black "Renaze, Luc"]
[Result "1-0"]
[WhiteElo "2392"]
[BlackElo "2280"]
[PlyCount "79"]
[EventDate "1998.??.??"]
[EventType "team"]
[EventRounds "9"]
[EventCountry "FRA"]
[SourceTitle "EXT 2002"]
[Source "ChessBase"]
[SourceDate "2001.11.25"]
[SourceVersion "1"]
[SourceVersionDate "2001.11.25"]
[SourceQuality "1"]

1. Nf3 Nf6 2. c4 e6 3. g3 b6 4. Bg2 Bb7 5. 0-0 Be7 6. Nc3 0-0 7. Re1 c5 8. e4 d6 9. d4 cxd4 10. Nxd4 a6 11. e5 dxe5 12. Bxb7 Ra7 13. Nc6 Qxd1 14. Nxe7+ Kh8 15. Rxd1 Rxb7 16. b3 b5 17. Be3 Re8 18. Bc5 b4 19. Na4 Ne4 20. a3 a5 21. Bb6 Rbxe7 22. Bxa5 bxa3 23. Nc3 Ra7 24. Nxe4 Rxa5 25. Nd6 Rf8 26. b4 Ra4 27. Nxf7+ Kg8 28. Nxe5 Na6 29. b5 Nc5 30. Ra2 h6 31. Rd6 Rfa8 32. Rc6 Nb3 33. b6 Kh7 34. Nd7 Rb4 35. Rc7 Nc1 36. Ra1 a2 37. b7 Ra7 38. b8Q Rxb8 39. Rxa7 Rb1 40. R7xa2 1-0

[Event "Corsica op"]
[Site "Bastia"]
[Date "1999.??.??"]
[Round "9"]
[White "Leski, Marc"]
[Black "Romanishin, Oleg M"]
[Result "1-0"]
[WhiteElo "2567"]
[BlackElo "2417"]
[PlyCount "60"]
[EventDate "1999.11.??"]
[EventType "swiss (rapid)"]
[EventRounds "9"]
[EventCountry "FRA"]
[SourceTitle "EXT 2001"]
[Source "ChessBase"]
[SourceDate "2000.11.22"]
[SourceVersion "1"]
[SourceVersionDate "2000.11.22"]
[SourceQuality "1"]

1. Nf3 Nf6 2. c4 e6 3. g3 a6 4. d3 c5 5. e4 Nc6 6. Nc3 Be7 7. Bg2 0-0 8. 0-0 d6 9. d4 cxd4 10. Nxd4 Bd7 11. b3 Rc8 12. Bb2 Qb6 13. Nc2 Ne5 14. Ne3 Rfd8 15. Qe2 Qa7 16. Kh1 Ng6 17. f4 b5 18. Rae1 b4 19. Ncd1 Bc6 20. Ng4 Nxg4 21. Qxg4 Qb7 22. f5 exf5 23. Qxf5 Bf8 24. Ne3 Re8 25. Nd5 Ne5 26. Qg5 Bxd5 27. exd5 Nd3 28. Rxe8 Rxe8 29. Bd4 Qd7 30. Qd2 Ne5 1-0

[Event "FRA-chT2S 9899"]
[Site "France"]
[Date "1998.11.15"]
[Round "3"]
[White "Leski, Marc"]
[Black "Baretic, Dragoljub"]
[Result "1-0"]
[WhiteElo "2425"]
[BlackElo "2135"]
[PlyCount "63"]
[EventDate "1998.??.??"]
[EventType "team"]
[EventRounds "9"]
[EventCountry "FRA"]
[SourceTitle "EXT 2002"]
[Source "ChessBase"]
[SourceDate "2001.11.25"]
[SourceVersion "1"]
[SourceVersionDate "2001.11.25"]
[SourceQuality "1"]

1. Nf3 Nf6 2. c4 b6 3. g3 Bb7 4. Bg2 e5 5. 0-0 d6 6. Nc3 Be7 7. d4 exd4 8. Qxd4 0-0 9. Rd1 Nbd7 10. b3 Nc5 11. Bb2 Re8 12. Nd5 Bf8 13. Nxf6+ Qxf6 14. Qxf6 gxf6 15. e3 f5 16. Nh4 Be4 17. Bh3 Nd3 18. Bc3 Ne5 19. Bxf5 Nf3+ 20. Nxf3 Bxf5 21. Rd5 Be4 22. Rg5+ Bg6 23. Nh4 Be7 24. Rg4 h5 25. Rf4 Bc2 26. Re1 Bd3 27. Rd1 Bc2 28. Rd2 Bb1 29. Bf6 Bf8 30. Rd5 Re5 31. Bxe5 dxe5 32. Rxe5 1-0

[Event "Corsica op"]
[Site "Bastia"]
[Date "1998.11.03"]
[Round "7"]
[White "Leski, Marc"]
[Black "Delchev, Aleksander"]
[Result "1/2-1/2"]
[WhiteElo "2415"]
[BlackElo "2575"]
[PlyCount "36"]
[EventDate "1998.11.01"]
[EventType "swiss"]
[EventRounds "9"]
[EventCountry "FRA"]
[SourceTitle "CBM 067 Extra"]
[Source "ChessBase"]
[SourceDate "1999.01.01"]
[SourceVersion "1"]
[SourceVersionDate "1999.01.01"]
[SourceQuality "1"]

1. Nf3 d6 2. d4 Bg4 3. e4 Nf6 4. Nc3 c6 5. a4 e6 6. d5 cxd5 7. exd5 e5 8. h3 Bh5 9. g4 Bg6 10. Nh4 Nbd7 11. Nxg6 hxg6 12. Be3 Be7 13. Ra3 a6 14. Rb3 Qc7 15. Rb4 Rc8 16. h4 Kf8 17. Rh3 Nc5 18. h5 g5 1/2-1/2

[Event "Corsica op"]
[Site "Bastia"]
[Date "1998.11.01"]
[Round "2"]
[White "Bologan, Viktor"]
[Black "Leski, Marc"]
[Result "1-0"]
[WhiteElo "2585"]
[BlackElo "2415"]
[PlyCount "49"]
[EventDate "1998.11.01"]
[EventType "swiss"]
[EventRounds "9"]
[EventCountry "FRA"]
[SourceTitle "CBM 067 Extra"]
[Source "ChessBase"]
[SourceDate "1999.01.01"]
[SourceVersion "1"]
[SourceVersionDate "1999.01.01"]
[SourceQuality "1"]

1. e4 d6 2. d4 Nf6 3. Nc3 g6 4. f4 Bg7 5. Nf3 0-0 6. Be3 b6 7. Bc4 c5 8. Qe2 Nc6 9. e5 Ng4 10. 0-0-0 Qc7 11. Bg1 cxd4 12. Nb5 Qb8 13. h3 Nh6 14. g4 Ba6 15. Nfxd4 Nxd4 16. Bxd4 dxe5 17. fxe5 Bxb5 18. Bxb5 Qc7 19. Kb1 a6 20. Bxa6 b5 21. Bxb5 Rfb8 22. c4 e6 23. Rhf1 Rb7 24. Rf3 Qe7 25. Bc6 1-0